Hidden Capital Cities Quiz Stats

Quiz Updated Jul 11, 2016

Challenge
Share
Tweet
Embed
Score 0/16 Timer 08:00
4 Plays Today
% Correct
Djibouti
82.6%
Finland
77.6%
Turkey
72.7%
United Kingdom
70.9%
Peru
69.2%
Bahamas
68.1%
Estonia
65.8%
Belarus
65.1%
% Correct
Philippines
63%
Switzerland
62.5%
Jordan
57.9%
Vietnam
57.8%
Angola
56.9%
Qatar
56.8%
Morocco
54.7%
Italy
53.3%

You're not logged in!

Compare scores with friends on all Sporcle quizzes.
Sign Up with Email
OR
Log In

You Might Also Like...

Show Comments

Extras

Top Quizzes Today


Score Distribution

Your Account Isn't Verified!

In order to create a playlist on Sporcle, you need to verify the email address you used during registration. Go to your Sporcle Settings to finish the process.